Emprendimiento y autogestión en Periodismo: claves para una profesión que está cambiando

Uloženo v:
Podrobná bibliografie
Hlavní autoři: Gutiérrez Atala, Fernando José (Autor), Albornoz Suárez, Rigoberto Antonio (Autor)
Médium: Kniha
Jazyk:španělština
Vydáno: Santiago Ril 2014
Concepción UCSC 2014
Vydání:1a. ed
Témata:
Tagy: Přidat tag
Žádné tagy, Buďte první, kdo vytvoří štítek k tomuto záznamu!

MARC

LEADER 00000cam a2200000 a 4500
001 UCD5013
003 CL-VaPUC
008 160807e20140000cl |||||||||||||||||spa|d
020 |a 9789560100658 
082 0 4 |a 079.83  |b GUT  |2 21 
100 0 |a Gutiérrez Atala, Fernando José  |e author  |9 588739 
700 0 |a Albornoz Suárez, Rigoberto Antonio  |e author  |9 588740 
245 1 0 |a Emprendimiento y autogestión en Periodismo: claves para una profesión que está cambiando 
250 |a 1a. ed 
300 |a 162 p 
942 |c BK 
945 |d 20160807 22:49:00  |a dcastane 
260 |a Santiago  |b Ril  |c 2014 
260 |a Concepción  |b UCSC  |c 2014 
650 0 |a Periodismo   |9 310113 
650 7 |a PERIODISMO ORGANIZACIONAL  |2 CL-VaPUC  |9 588741 
650 0 |a Emprendimiento  |9 553262 
583 |a last modification  |c 20160807 22:49:00  |k Rodrigo Vera 
999 |c 365785  |d 365783 
952 |0 0  |1 0  |2 ddc  |3 erb  |4 0  |6 079_830000000000000_GUT_2014_2014  |7 0  |8 A  |9 479740  |a BIBCUR  |b BIBCUR  |i 5335086  |l 4  |m 1  |o 079.83 GUT 2014 2014  |p 5335086  |r 2025-04-22  |s 2024-06-21  |w 2019-11-24  |y BK_R  |z Catalogado en:20160807  |k MGC